000 00207nam a2200097Ia 4500
008 220204s9999 xx 000 0 und d
082 _a82-3
_bKAZ
100 _aKazan, Elia
245 0 _aAnatolian
942 _cBK
999 _c37837
_d37837